[Event "Pelotas Gaucho op"]
[Site "Pelotas"]
[Date "2023.10.12"]
[Round "2"]
[White "Gattass, Allan Arriada"]
[Black "Dinegri, Rodrigo"]
[Result "1-0"]
[WhiteElo "2219"]
[BlackElo "1705"]
[PlyCount "81"]
[EventDate "2023.10.12"]
[EventType "swiss"]
[EventRounds "7"]
[EventCountry "BRA"]
[SourceTitle "Mega2024 Update 01"]
[Source "Chessbase"]
[SourceDate "2023.11.12"]
[SourceVersion "1"]
[SourceVersionDate "2023.11.12"]
[SourceQuality "1"]

1. e4 c6 2. d4 d5 3. e5 c5 4. dxc5 Nc6 5. Bb5 e6 6. Be3 Nge7 7. Nf3 Bd7 8. Bxc6 Nxc6 9. c3 a5 10. Na3 Qc7 11. Nb5 Qb8 12. Nd6+ Bxd6 13. exd6 0-0 14. h4 b6 15. Qb3 b5 16. h5 h6 17. g4 f6 18. Qc2 Be8 19. Qd2 Kh7 20. Nh4 Ne5 21. Rg1 Nc4 22. Qc2+ Kg8 23. Bf4 e5 24. Bc1 a4 25. Nf5 Qd8 26. Ne7+ Kh8 27. Nxd5 Rc8 28. Nc7 Bc6 29. b3 Na5 30. Ne6 Qd7 31. Nxf8 Rxf8 32. Rg3 Re8 33. Bd2 Nb7 34. Be3 Nd8 35. Qg6 Nf7 36. Qf5 Re6 37. bxa4 bxa4 38. Rb1 Nd8 39. Rb8 Bd5 40. g5 fxg5 41. Qf8+ 1-0

[Event "Florianopolis op"]
[Site "Florianopolis"]
[Date "2015.01.14"]
[Round "1"]
[White "Dinegri, Rodrigo"]
[Black "Abrantes, Tiago Garrido"]
[Result "0-1"]
[WhiteElo "1660"]
[BlackElo "2147"]
[PlyCount "70"]
[EventDate "2015.01.14"]
[EventType "swiss"]
[EventRounds "10"]
[EventCountry "BRA"]
[SourceTitle "CBM 164 Extra"]
[Source "ChessBase"]
[SourceDate "2015.03.02"]
[SourceVersion "1"]
[SourceVersionDate "2015.03.02"]
[SourceQuality "1"]

1. e4 g6 2. d4 Bg7 3. Nc3 d6 4. Be3 a6 5. Nf3 Nd7 6. Bc4 e6 7. Qd2 b5 8. Bd3 Bb7 9. g4 h5 10. g5 Ne7 11. Ne2 c5 12. c3 0-0 13. Rg1 Qc7 14. Nh4 e5 15. f4 exf4 16. Nxf4 Rae8 17. d5 Ne5 18. Be2 Bc8 19. h3 Bd7 20. 0-0-0 Nc4 21. Bxc4 bxc4 22. Qe2 Qa5 23. Qxc4 Bb5 24. Qb3 Nc8 25. Nxh5 Rxe4 26. Nxg6 fxg6 27. Nf6+ Bxf6 28. gxf6 Qa4 29. Rxg6+ Kf7 30. Rg7+ Kxf6 31. Bh6 Qxb3 32. axb3 Rh8 33. Rc7 Ne7 34. Bd2 Be2 35. c4 Rxh3 0-1

[Event "Sao Paulo op-B U2050"]
[Site "Sao Paulo"]
[Date "2014.04.03"]
[Round "1"]
[White "Lopes, Marcelo Ferreira"]
[Black "Dinegri, Rodrigo"]
[Result "1-0"]
[WhiteElo "2006"]
[BlackElo "1658"]
[PlyCount "39"]
[EventDate "2014.04.03"]
[EventType "swiss"]
[EventRounds "6"]
[EventCountry "BRA"]
[SourceTitle "CBM 159 Extra"]
[Source "ChessBase"]
[SourceDate "2014.04.24"]
[SourceVersion "1"]
[SourceVersionDate "2014.04.24"]
[SourceQuality "1"]

1. e4 c5 2. Nf3 d6 3. Bb5+ Bd7 4. Qe2 g6 5. e5 Qb6 6. Bxd7+ Nxd7 7. exd6 Qxd6 8. Nc3 Ngf6 9. d4 Rc8 10. 0-0 c4 11. Re1 a6 12. Ne4 Nxe4 13. Qxe4 b5 14. Bf4 Qb6 15. d5 f6 16. d6 e5 17. Bxe5 Kf7 18. Bxf6 Nc5 19. Ng5+ Kxf6 20. Qe5# 1-0

[Event "Sao Bernardo do Campo LXSBC fin-C 5th"]
[Site "Sao Bernardo do Campo"]
[Date "2014.01.26"]
[Round "9"]
[White "Dinegri, Rodrigo"]
[Black "Tamarozi, Isabelle"]
[Result "1/2-1/2"]
[WhiteElo "1681"]
[BlackElo "1749"]
[PlyCount "69"]
[EventDate "2014.01.18"]
[EventType "tourn"]
[EventRounds "9"]
[EventCountry "BRA"]
[SourceTitle "CBM 158 Extra"]
[Source "ChessBase"]
[SourceDate "2014.02.28"]
[SourceVersion "1"]
[SourceVersionDate "2014.02.28"]
[SourceQuality "1"]

1. d4 Nf6 2. Nf3 g6 3. c4 Bg7 4. Nc3 0-0 5. Bf4 d6 6. h3 Nbd7 7. e3 Re8 8. Be2 Nh5 9. Bh2 e5 10. dxe5 dxe5 11. Qc2 Nhf6 12. Rd1 Qe7 13. 0-0 c6 14. e4 Nh5 15. Rfe1 Nf4 16. Bf1 Qf6 17. Bxf4 exf4 18. Rd2 Ne5 19. Nxe5 Qxe5 20. f3 Qg5 21. Kh1 Qh4 22. Red1 Be6 23. Ne2 g5 24. Nd4 Bxd4 25. Rxd4 g4 26. fxg4 Bxg4 27. R1d3 Re6 28. Qd2 Rf6 29. Rd8+ Rxd8 30. Rxd8+ Kg7 31. Qc3 f3 32. Rd6 fxg2+ 33. Bxg2 Be6 34. Rd3 Kh6 35. Rg3 1/2-1/2

[Event "Sao Bernardo do Campo LXSBC fin-C 5th"]
[Site "Sao Bernardo do Campo"]
[Date "2014.01.19"]
[Round "3"]
[White "Dinegri, Rodrigo"]
[Black "Santos, Jose Antonio Dos"]
[Result "0-1"]
[WhiteElo "1681"]
[BlackElo "1726"]
[PlyCount "66"]
[EventDate "2014.01.18"]
[EventType "tourn"]
[EventRounds "9"]
[EventCountry "BRA"]
[SourceTitle "CBM 158 Extra"]
[Source "ChessBase"]
[SourceDate "2014.02.28"]
[SourceVersion "1"]
[SourceVersionDate "2014.02.28"]
[SourceQuality "1"]

1. d4 d5 2. c4 c6 3. cxd5 cxd5 4. Nc3 e6 5. Nf3 f5 6. e3 Nf6 7. Ne5 Bd6 8. Bd3 0-0 9. Bd2 Nbd7 10. f4 Ne4 11. 0-0 Nxd2 12. Qxd2 Nf6 13. Rf3 Ne4 14. Qe1 Bd7 15. Rh3 Bxe5 16. dxe5 Be8 17. Ne2 Nc5 18. Bc2 Rc8 19. Nd4 a5 20. g4 g6 21. Qg3 Bd7 22. gxf5 exf5 23. Rd1 Qb6 24. b3 Rf7 25. Qe1 Ne4 26. Bxe4 fxe4 27. Rh6 Bf5 28. Nxf5 Rxf5 29. Rxd5 Rxf4 30. Rh3 Rcf8 31. Rd7 Rf1+ 32. Qxf1 Rxf1+ 33. Kxf1 Qb5+ 0-1

[Event "Sao Paulo Hebraica op 17th"]
[Site "Sao Paulo"]
[Date "2014.01.12"]
[Round "5"]
[White "Sangiovanni, Marcello Gouveia"]
[Black "Dinegri, Rodrigo"]
[Result "0-1"]
[WhiteElo "1793"]
[BlackElo "1681"]
[PlyCount "70"]
[EventDate "2014.01.09"]
[EventType "swiss"]
[EventRounds "6"]
[EventCountry "BRA"]
[SourceTitle "CBM 158 Extra"]
[Source "ChessBase"]
[SourceDate "2014.02.28"]
[SourceVersion "1"]
[SourceVersionDate "2014.02.28"]
[SourceQuality "1"]

1. d4 Nf6 2. Nf3 e6 3. Bf4 c5 4. c3 d5 5. e3 Nc6 6. Bd3 Be7 7. Nbd2 Bd7 8. Qe2 c4 9. Bc2 b5 10. 0-0 Nh5 11. Bg3 Nxg3 12. fxg3 0-0 13. e4 dxe4 14. Bxe4 Rc8 15. Rad1 Bf6 16. Bc2 Qb6 17. Ne4 Be7 18. Nfg5 f5 19. Nxe6 Bxe6 20. Nd6 Bd7 21. Nxc8 Bxc8 22. Qh5 g6 23. Qf3 Bb7 24. Qf2 Ne5 25. Rfe1 Ng4 26. Qe2 Bg5 27. Qe6+ Qxe6 28. Rxe6 Be3+ 29. Kf1 Nxh2+ 30. Ke2 Bg5 31. Rh1 Ng4 32. Rg1 Kf7 33. d5 Bxd5 34. Ra6 Re8+ 35. Kd1 Nf2# 0-1

[Event "Sao Paulo Consciencia 1st"]
[Site "Sao Paulo"]
[Date "2013.12.20"]
[Round "2.9"]
[White "Dinegri, Rodrigo"]
[Black "Raimundo, Airton Carlos Nunes"]
[Result "1/2-1/2"]
[WhiteElo "1681"]
[BlackElo "2058"]
[PlyCount "80"]
[EventDate "2013.12.20"]
[EventType "swiss"]
[EventRounds "5"]
[EventCountry "BRA"]
[SourceTitle "EXT 2022"]
[Source "ChessBase"]
[SourceDate "2021.10.06"]
[SourceVersion "1"]
[SourceVersionDate "2021.10.06"]
[SourceQuality "1"]

1. e4 c5 2. d4 cxd4 3. c3 d5 4. exd5 Qxd5 5. cxd4 Nc6 6. Be3 e5 7. Nc3 Bb4 8. Qd2 Bxc3 9. bxc3 Nf6 10. c4 Qd8 11. d5 Ne7 12. Nf3 e4 13. Nd4 0-0 14. Be2 a6 15. a4 Nf5 16. Nxf5 Bxf5 17. h3 b5 18. axb5 axb5 19. 0-0 bxc4 20. Bxc4 Qd7 21. Rxa8 Rxa8 22. Rd1 Qa4 23. Bf1 Ra5 24. Qb2 h6 25. Rd4 Qd7 26. g4 Bxg4 27. hxg4 Qxg4+ 28. Bg2 Nxd5 29. Rxe4 Qd1+ 30. Kh2 Nf6 31. Rh4 Ng4+ 32. Kg3 Nxe3 33. fxe3 Rg5+ 34. Kh2 Qd6+ 35. Kh1 f5 36. Rd4 Qg3 37. Qe2 h5 38. Qf3 Qe1+ 39. Kh2 h4 40. Qf4 Qg3+ 1/2-1/2

[Event "Sao Paulo IRT op 3rd"]
[Site "Sao Paulo"]
[Date "2013.09.07"]
[Round "4"]
[White "Francelli, Derli"]
[Black "Dinegri, Rodrigo"]
[Result "0-1"]
[WhiteElo "1656"]
[BlackElo "1669"]
[PlyCount "61"]
[EventDate "2013.09.06"]
[EventType "swiss"]
[EventRounds "6"]
[EventCountry "BRA"]
[SourceTitle "CBM 156 Extra"]
[Source "ChessBase"]
[SourceDate "2013.10.22"]
[SourceVersion "1"]
[SourceVersionDate "2013.10.22"]
[SourceQuality "1"]

1. d4 Nf6 2. c4 e6 3. Nc3 Bb4 4. Nf3 Bxc3+ 5. bxc3 b6 6. e3 d6 7. Bd3 0-0 8. 0-0 Nc6 9. Re1 Qe7 10. e4 e5 11. h3 Ba6 12. Qa4 Na5 13. Ba3 c5 14. d5 Nh5 15. Bc1 Rae8 16. Be2 Qd8 17. Rb1 h6 18. Nh2 Nf4 19. Bxf4 exf4 20. f3 Re5 21. Ng4 Rg5 22. Bf1 h5 23. Nf2 Rg6 24. e5 Qg5 25. exd6 Bxc4 26. Ne4 Qxd5 27. Rbd1 Qf5 28. Bxc4 Qxh3 29. Bf1 Qxf3 30. d7 Nb7 31. Qc6 0-1

[Event "Mogi das Cruzes op 08"]
[Site "Mogi das Cruzes"]
[Date "2013.08.18"]
[Round "5"]
[White "Ribeiro, Allysson"]
[Black "Dinegri, Rodrigo"]
[Result "1-0"]
[WhiteElo "1859"]
[BlackElo "1648"]
[PlyCount "157"]
[EventDate "2013.08.16"]
[EventType "swiss"]
[EventRounds "6"]
[EventCountry "BRA"]
[SourceTitle "CBM 155 Extra"]
[Source "ChessBase"]
[SourceDate "2013.08.26"]
[SourceVersion "1"]
[SourceVersionDate "2013.08.26"]
[SourceQuality "1"]

1. d4 Nf6 2. c4 e6 3. Nf3 b6 4. Nc3 Bb7 5. Bg5 Bb4 6. Rc1 0-0 7. a3 Be7 8. Bxf6 Bxf6 9. e4 d5 10. cxd5 exd5 11. e5 Re8 12. Be2 Be7 13. 0-0 c5 14. Bb5 Rf8 15. dxc5 bxc5 16. Qe2 a6 17. Ba4 Qa5 18. Bc2 Qb6 19. Rfd1 Qe6 20. Na4 Nd7 21. b4 c4 22. Nc5 Bxc5 23. bxc5 Rfe8 24. Bxh7+ Kf8 25. Bc2 Bc6 26. Ng5 Qh6 27. f4 f6 28. Qf2 Kg8 29. e6 fxg5 30. exd7 Rf8 31. f5 Rad8 32. Rb1 Rxd7 33. Rb6 a5 34. Ba4 Rf6 35. Bc2 Qh4 36. Rd4 Qxf2+ 37. Kxf2 g6 38. g4 Rb7 39. Rxb7 Bxb7 40. Rd1 Kf7 41. Ke3 gxf5 42. Bxf5 Rh6 43. Rd2 Rh3+ 44. Kd4 Rxa3 45. Bd7 a4 46. c6 Ba6 47. Rf2+ Ke7 48. Kxd5 Rd3+ 49. Kc5 c3 50. Rc2 a3 51. Bf5 Re3 52. Kb4 Kd6 53. Bd7 Kc7 54. Kb3 Rh3 55. Kxa3 Bb5 56. Kb4 Bxc6 57. Bxc6 Kxc6 58. Rxc3+ Rxc3 59. Kxc3 Kc5 60. Kd3 Kd5 61. Ke3 Ke5 62. Kf3 Kd4 63. Kg3 Ke5 64. h4 Kf6 65. h5 Ke6 66. Kf3 Kf6 67. Ke4 Ke6 68. Kd4 Kf6 69. Kd5 Kf7 70. Ke5 Ke7 71. Kf5 Kf7 72. Kxg5 Kg7 73. Kf5 Kf7 74. h6 Kf8 75. Kf6 Kg8 76. g5 Kh7 77. Kf7 Kh8 78. h7 Kxh7 79. g6+ 1-0

[Event "Ribeira Valley op 9th"]
[Site "Registro"]
[Date "2013.08.01"]
[Round "5"]
[White "Dias da Silva, Adriano"]
[Black "Dinegri, Rodrigo"]
[Result "1/2-1/2"]
[WhiteElo "2005"]
[BlackElo "1648"]
[PlyCount "95"]
[EventDate "2013.07.30"]
[EventType "swiss"]
[EventRounds "9"]
[EventCountry "BRA"]
[SourceTitle "CBM 155 Extra"]
[Source "ChessBase"]
[SourceDate "2013.08.26"]
[SourceVersion "1"]
[SourceVersionDate "2013.08.26"]
[SourceQuality "1"]

1. e4 c6 2. d4 d5 3. exd5 cxd5 4. c4 Nf6 5. Nc3 e6 6. Nf3 Be7 7. c5 0-0 8. Bd3 b6 9. b4 a5 10. Ba3 axb4 11. Bxb4 bxc5 12. dxc5 Na6 13. Bxa6 Bxa6 14. a3 Qc7 15. Qd4 Nd7 16. Rc1 Bc4 17. c6 Bxb4 18. cxd7 Rxa3 19. Kd1 Bxc3 20. Rxc3 Ra1+ 21. Rc1 Rxc1+ 22. Kxc1 Bb3+ 23. Kd2 Qxd7 24. Rc1 Qa4 25. Qb6 Qa2+ 26. Ke3 Bc4 27. Kf4 h6 28. h4 Re8 29. Kg3 e5 30. Kh2 e4 31. Ne5 Qd2 32. Rxc4 dxc4 33. Nxc4 Qf4+ 34. Kh3 h5 35. g3 Qg4+ 36. Kg2 Qf3+ 37. Kg1 Ra8 38. Qb1 f5 39. Ne5 Qc3 40. Qb5 Ra1+ 41. Kg2 Qc8 42. Qd5+ Kh7 43. Nd7 Qc1 44. Nf8+ Kh8 45. Ng6+ Kh7 46. Nf8+ Kh8 47. Ng6+ Kh7 48. Nf8+ 1/2-1/2

[Event "Ribeira Valley op 9th"]
[Site "Registro"]
[Date "2013.08.01"]
[Round "6"]
[White "Dinegri, Rodrigo"]
[Black "Aoyama, Edmundo"]
[Result "1-0"]
[WhiteElo "1648"]
[BlackElo "1944"]
[PlyCount "84"]
[EventDate "2013.07.30"]
[EventType "swiss"]
[EventRounds "9"]
[EventCountry "BRA"]
[SourceTitle "CBM 155 Extra"]
[Source "ChessBase"]
[SourceDate "2013.08.26"]
[SourceVersion "1"]
[SourceVersionDate "2013.08.26"]
[SourceQuality "1"]

1. d4 d6 2. c4 Nf6 3. Nc3 Nbd7 4. Nf3 g6 5. g3 Bg7 6. Bg2 0-0 7. 0-0 c6 8. e4 Qc7 9. h3 e5 10. Be3 Rd8 11. Qd2 exd4 12. Nxd4 Ne5 13. b3 Be6 14. Rac1 c5 15. Nde2 Bxh3 16. Bg5 Be6 17. Nf4 Rd7 18. Nfd5 Bxd5 19. Nxd5 Nxd5 20. Qxd5 Nc6 21. Bh3 Ne7 22. Qd2 Rdd8 23. Rcd1 Bd4 24. Kh2 Re8 25. f4 Nc6 26. Rde1 f6 27. Bh6 Nd8 28. g4 Nf7 29. g5 fxg5 30. Bxg5 Nxg5 31. fxg5 d5+ 32. Kh1 dxe4 33. Bg2 e3 34. Bd5+ Kh8 35. Qg2 Re7 36. Rf3 Rae8 37. Re2 Qe5 38. Rf6 Kg7 39. Qf3 Qc7 40. Rf4 Rd8 41. Rh2 Rh8 42. Rxd4 Rf8 1-0

[Event "Sao Bernardo do Campo op"]
[Site "Sao Bernardo do Campo"]
[Date "2013.06.28"]
[Round "2"]
[White "Schwertner, Joao Victor Moreir"]
[Black "Dinegri, Rodrigo"]
[Result "1-0"]
[WhiteElo "1765"]
[BlackElo "1621"]
[PlyCount "175"]
[EventDate "2013.06.28"]
[EventType "swiss"]
[EventRounds "6"]
[EventCountry "BRA"]
[SourceTitle "EXT 2014"]
[Source "ChessBase"]
[SourceDate "2013.11.20"]
[SourceVersion "1"]
[SourceVersionDate "2013.11.20"]
[SourceQuality "1"]

1. d4 Nf6 2. c4 e6 3. Nc3 d5 4. Bg5 Nbd7 5. Nf3 Be7 6. e3 0-0 7. cxd5 Nxd5 8. Nxd5 exd5 9. Bxe7 Qxe7 10. Bd3 f5 11. Rc1 c6 12. 0-0 Nf6 13. h3 Be6 14. Ne5 Rae8 15. f3 Nh5 16. Qe1 f4 17. exf4 Rxf4 18. Qd2 Qh4 19. Ng4 Kh8 20. Bb1 Ng3 21. Rfe1 Rf7 22. Re5 Rfe7 23. Rce1 h5 24. Nf2 Bf5 25. Bxf5 Nxf5 26. Qd3 Rxe5 27. dxe5 Qf4 28. Qc3 d4 29. Qc5 Ne3 30. Nd3 Qg3 31. Re2 Nf5 32. Qxa7 Nh4 33. Rf2 Rf8 34. Kf1 Qh2 35. Qxd4 Nf5 36. Qb4 Ng3+ 37. Ke1 Qg1+ 38. Kd2 Rd8 39. Kc2 Rd5 40. Qf8+ Kh7 41. Rd2 Qe3 42. Qf4 Qxf4 43. Nxf4 Rxe5 44. Rd7 b5 45. Rc7 c5 46. Rd7 Kh6 47. Rd5 Rxd5 48. Nxd5 Nf5 49. g4 hxg4 50. hxg4 Nd4+ 51. Kc3 Nxf3 52. Nc7 Kg5 53. Ne6+ Kf6 54. Nxc5 Ne5 55. Ne4+ Ke6 56. b3 Nxg4 57. Kb4 Kd5 58. Nc3+ Kc6 59. Nxb5 g5 60. Nd4+ Kb6 61. Nf3 Ne3 62. Nxg5 Nc2+ 63. Kc3 Na3 64. Ne4 Ka5 65. Nd6 Nb1+ 66. Kc2 Na3+ 67. Kb2 Kb4 68. Ne4 Nb5 69. Nd2 Na3 70. Nb1 Nb5 71. a3+ Ka5 72. b4+ Ka4 73. Nc3+ Nxc3 74. Kxc3 Kxa3 75. b5 Ka4 76. b6 Kb5 77. b7 Kc6 78. b8Q Kd5 79. Qb4 Ke5 80. Qd4+ Ke6 81. Qc5 Kf6 82. Qd5 Kg6 83. Qe5 Kf7 84. Qd6 Kg7 85. Qe6 Kh8 86. Qe7 Kg8 87. Kd4 Kh8 88. Ke5 1-0

[Event "BRA-ch Amateur"]
[Site "Sao Paulo"]
[Date "2013.02.11"]
[Round "5"]
[White "Dinegri, Rodrigo"]
[Black "Pereira, Jorge Luiz Rodrigue"]
[Result "0-1"]
[WhiteElo "1629"]
[BlackElo "1872"]
[PlyCount "66"]
[EventDate "2013.02.09"]
[EventType "swiss"]
[EventRounds "7"]
[EventCountry "BRA"]
[SourceTitle "CBM 152 Extra"]
[Source "ChessBase"]
[SourceDate "2013.02.25"]
[SourceVersion "1"]
[SourceVersionDate "2013.02.25"]
[SourceQuality "1"]

1. d4 Nf6 2. Nf3 e6 3. c4 b6 4. a3 Ba6 5. Nbd2 d5 6. Qc2 Nbd7 7. g3 Bb7 8. Bg2 Be7 9. 0-0 0-0 10. b4 c5 11. cxd5 exd5 12. dxc5 bxc5 13. bxc5 Rc8 14. Nb3 Nxc5 15. Nxc5 Bxc5 16. Qd1 Qb6 17. e3 Ne4 18. Bd2 Ba6 19. Re1 Rfe8 20. Bb4 Qf6 21. Bxc5 Nxc5 22. Nd4 Nd3 23. Re2 Bc4 24. Rd2 Nc5 25. Rb1 a5 26. Rc1 a4 27. Qf3 Qxf3 28. Bxf3 Nb3 29. Nxb3 axb3 30. Bxd5 Bxd5 31. Rxc8 Rxc8 32. Rxd5 b2 33. Rd1 Rc1 0-1

[Event "Batatais op 2nd"]
[Site "Batatais"]
[Date "2011.12.17"]
[Round "4"]
[White "Dinegri, Rodrigo"]
[Black "De Sousa Silva, Lucas Jose"]
[Result "1-0"]
[WhiteElo "1640"]
[BlackElo "1820"]
[PlyCount "83"]
[EventDate "2011.12.16"]
[EventType "swiss"]
[EventRounds "6"]
[EventCountry "BRA"]
[SourceTitle "EXT 2013"]
[Source "ChessBase"]
[SourceDate "2012.11.22"]
[SourceVersion "1"]
[SourceVersionDate "2012.11.22"]
[SourceQuality "1"]

1. d4 d5 2. c4 e6 3. Nf3 Nf6 4. Nc3 c6 5. Bf4 Bb4 6. a3 Ba5 7. b4 Bc7 8. Bxc7 Qxc7 9. e3 Nbd7 10. cxd5 exd5 11. Bd3 0-0 12. 0-0 Re8 13. Qc2 Qd6 14. Na4 Ne4 15. Rfc1 a6 16. Nc3 Qe7 17. Rab1 h6 18. a4 Ng5 19. Nd2 Nf6 20. b5 Bd7 21. bxa6 bxa6 22. Rb7 Reb8 23. Rcb1 Qd6 24. Rxb8+ Rxb8 25. Rxb8+ Qxb8 26. Bxa6 Ng4 27. g3 Nh3+ 28. Kg2 Ngxf2 29. Nb3 Qe8 30. Qd2 Ne4 31. Qc2 Nef2 32. Nc5 Bg4 33. e4 dxe4 34. N3xe4 Nxe4 35. Nxe4 f5 36. Bc4+ Kh8 37. Nf2 Qe3 38. Nxh3 Qf3+ 39. Kg1 Bxh3 40. Qe2 Qa3 41. Qe8+ Kh7 42. Bg8+ 1-0